=LDR 00000nam 2200000 4500 =001 INLIS000000000061991 =005 20230302034856 =035 ##$$a 0010-0323000003 =007 ta =008 230302################g##########0#ind## =082 ##$$a 581.1 =084 ##$$a 581.1 DWI p =100 #$$a Dwidjoseputro, D =245 1#$$a Pengantar fisiologi tumbuhan /$c Prof. Dr. D. Dwidjoseputro =260 ##$$a Jakarta :$b Gramedia,$c 1994 =300 ##$$a xv, 232 hlm. : $b ilus ; $c 20 cm. =990 ##$$a 17411741 =990 ##$$a 75.807/Pro-94